[Event "EICC 2021"]
[Site "Reykjavik"]
[Date "2021.08.29"]
[Round "4.8"]
[White "Parligras, Mircea-Emilian"]
[Black "Saric, Ivan"]
[Result "0-1"]
[WhiteElo "2591"]
[BlackElo "2653"]
[Annotator "TA"]
[PlyCount "58"]
[EventDate "2021.08.26"]
[EventType "swiss"]
[EventCountry "ISL"]
[Tiebreak "Cut1 Buchholz"]
[SourceTitle "playchess.com"]
[Source "ChessBase"]
[SourceQuality "1"]

{[%evp 16,58,37,35,28,37,47,51,53,56,65,65,67,56,49,57,52,66,58,56,62,37,46,33,
59,25,23,-14,0,-62,-70,-248,-253,-236,-240,-374,-373,-1543,-759,-714,-747,-744,
-750,-804,-794]} 1. d4 Nf6 2. c4 g6 3. Nc3 Bg7 4. e4 d6 5. h3 e5 6. d5 a5 7.
Be3 Na6 8. Nf3 O-O 9. g4 Nd7 {E90: King's Indian: Classical: Early deviations
and 6 h3.} 10. a3 Nac5 {10...Nb6 is the hot move.} 11. Rg1 a4 {White is
slightly better. 11...h6 is not played anymore.} 12. Nd2 Bf6 13. g5 Be7 14. h4
f6 15. gxf6 Nxf6 16. h5 g5 $1 17. Rxg5+ Kh8 {[#] White must now prevent ...
Nxd5!} 18. Rg3 $146 ({Predecessor:} 18. Rg2 b6 19. Qe2 Rg8 20. O-O-O Ng4 21.
Bxc5 bxc5 22. Kb1 Bd7 23. f3 Nh6 24. Nb5 {1-0 (54) Joppich,U (2477)-De Bari,V 
(2440) ICCF email 2017}) 18... Rg8 19. Rxg8+ Qxg8 20. Bxc5 dxc5 21. Nf3 Bg4 22.
Qd3 (22. Be2 $1 $11) 22... Rf8 $1 $15 23. Be2 $2 {This costs White the game.} (
{Don't blunder} 23. Nxa4 $2 Nxh5 24. Nxe5 Bh4 $19) (23. Nh2 $1 $15) 23... Nxh5
$19 {[#] Hoping for ...Nf4.} 24. Nxe5 Bxe2 25. Nxe2 (25. Qxe2 {only move.} Nf4
26. Qf1) 25... Qg2 26. Qe3 (26. O-O-O Qg5+ {[%mdl 64] Double Attack} 27. Kb1
Qxe5 28. Qe3) 26... Qh1+ (26... Bg5 $142 27. Qxg5 Qxg5) 27. Kd2 Qxa1 28. Nd3
Qh1 29. f4 Rg8 {Weighted Error Value: White=0.57/Black=0.24} 0-1

[Event "EICC 2021"]
[Site "Reykjavik"]
[Date "2021.08.29"]
[Round "4.9"]
[White "Lagarde, Maxime"]
[Black "Nguyen, Thai Dai Van"]
[Result "1-0"]
[WhiteElo "2631"]
[BlackElo "2588"]
[Annotator "TA"]
[PlyCount "49"]
[EventDate "2021.08.26"]
[EventType "swiss"]
[EventCountry "ISL"]
[Tiebreak "Cut1 Buchholz"]
[SourceTitle "playchess.com"]
[Source "ChessBase"]
[SourceQuality "1"]

{[%evp 9,49,0,16,0,0,0,6,0,11,14,14,17,18,8,29,21,23,26,26,28,21,-23,-15,-19,
-23,-39,-32,-51,-12,-22,0,18,43,43,37,57,38,48,53,18,29996,29997]} 1. c4 c5 2.
Nc3 Nc6 3. g3 g6 4. Bg2 Bg7 5. d3 d6 6. e3 {A36: Symmetrical English vs ...g6:
4 Bg2 Bg7.} e6 7. Nge2 Nge7 8. O-O {The position is equal.} O-O 9. b3 $5 {
[%mdl 4] [#] Exploring less charted territory.} b6 $146 ({Predecessor:} 9... a6
10. Bb2 e5 11. Qd2 Be6 12. Nd5 f5 13. d4 cxd4 14. Nxe7+ Qxe7 15. exd4 Bf7 {
1-0 (74) Galmandakh,B (2264)-Ayala Pena,E (2190) Katowice 2014}) 10. Ba3 Bb7
11. d4 Re8 12. Qd2 cxd4 13. Nxd4 d5 14. Nxc6 Bxc6 15. Rfd1 dxc4 $1 16. Qe2 Qc8
({Avoid the trap} 16... Bxc3 $2 17. Rxd8 Raxd8 18. Rc1 $18) 17. Bxc6 Qxc6 18.
Rac1 Nd5 19. Qf3 {[%cal Rc3d5]} Rac8 20. Ne4 {Strongly threatening Nd6.} Nc3
21. Rxc3 Bxc3 22. Rd6 Qa8 {White must now prevent ...f5.} 23. Qf4 {[%mdl 1024]
Rd7 is the strong threat. White has compensation.} Bg7 ({Don't go for} 23... e5
$2 24. Nf6+ Kg7 25. Nxe8+ Rxe8 26. Qf6+ Kg8 27. Rd7 $18) 24. Rd7 f5 {[%mdl
8192] [#]} (24... Rf8 $11 25. Bxf8 Rxf8) 25. Qh6 $3 {[%csl Gd7][%cal Rh6g7]
[%mdl 512] Weighted Error Value: White=0.03/Black=0.33} 1-0

[Event "EICC 2021"]
[Site "Reykjavik"]
[Date "2021.08.29"]
[Round "4.10"]
[White "Bjerre, Jonas Buhl"]
[Black "Yilmaz, Mustafa"]
[Result "1/2-1/2"]
[WhiteElo "2550"]
[BlackElo "2630"]
[Annotator "TA"]
[PlyCount "106"]
[EventDate "2021.08.26"]
[EventType "swiss"]
[EventCountry "ISL"]
[Tiebreak "Cut1 Buchholz"]
[SourceTitle "playchess.com"]
[Source "ChessBase"]
[SourceQuality "1"]

{[%evp 15,106,0,0,0,0,0,18,16,17,12,15,8,27,0,37,39,51,41,46,38,42,50,55,44,35,
40,62,62,70,62,58,55,107,105,117,93,80,81,83,97,84,77,80,79,74,88,78,29,29,0,
97,87,108,38,22,8,8,0,8,0,0,0,3,0,0,0,0,0,0,0,0,0,0,0,0,0,0,0,0,0,0,0,0,0,0,0,
0,-8,-8,-8,-8,-8,-8]} 1. e4 c5 2. Nf3 d6 3. d4 cxd4 4. Nxd4 Nf6 5. Nc3 a6 6. a4
e5 7. Nf3 Be7 {7...Be7 is better than 7...Qc7.} 8. Bc4 Be6 9. Qe2 {B90:
Sicilian Najdorf: Unusual White 6th moves, 6 Be3 Ng4 and 6 Be3 e5.} Qc7 10. Bb3
Nbd7 11. Bg5 O-O 12. O-O Rac8 13. Rfd1 {[#]} Rfe8 $146 ({Predecessor:} 13...
Rfd8 14. Rac1 Nc5 15. Bxe6 fxe6 16. Qc4 Kf7 17. Be3 h6 18. Qe2 Qc6 19. Bxc5
Qxc5 {1/2-1/2 (41) Aguero Jimenez,L (2457)-Soto Hernandez,H (2437) Matanzas
2017}) 14. h3 Bc4 (14... h6 {feels hotter.} 15. Bxf6 Nxf6 16. a5 Red8 17. Qe3
Qc5) 15. Bxc4 Qxc4 16. Qxc4 Rxc4 17. Nd2 Rc6 18. a5 h6 19. Bxf6 Nxf6 20. Nf1 b6
21. Ne3 bxa5 22. Rxa5 Rb8 23. Ncd5 Rb7 (23... Kf8 $14) 24. Rda1 $16 Nxe4 25.
Rxa6 Rxa6 26. Rxa6 Bg5 27. Nc4 Rb5 28. Ra8+ Kh7 {[#]} 29. Ra5 $1 {[%cal Ra5b5]}
Rxa5 30. Nxa5 {[%mdl 4096] Endgame KBN-KNN} Kg6 31. g4 f5 32. f3 Nc5 (32... Nd2
$11 {remains equal.}) 33. b4 Na4 34. b5 (34. Nb7 $16) 34... fxg4 $14 35. hxg4 {
And now Kf1 would win.The position is equal.} Kf7 $1 36. Kf1 {b6 is the strong
threat.} Bd8 37. Nb3 Ke6 38. c4 g6 39. Nd2 Kd7 40. Ne4 Nb2 41. c5 dxc5 42.
Nxc5+ Kd6 {[%mdl 64] [#] Double Attack} 43. Nb7+ {[%mdl 64] Double Attack} Kxd5
44. Nxd8 $11 {Black should prevent b6. KN-KN} Nc4 45. Nf7 h5 46. gxh5 gxh5 47.
Kg2 Kc5 48. Kh3 Kxb5 49. Kh4 Kc5 50. Kxh5 Kd5 51. Nxe5 Kxe5 52. Kg4 Nd2 53. Kg5
Nxf3+ {Weighted Error Value: White=0.06/Black=0.09} 1/2-1/2

[Event "EICC 2021"]
[Site "Reykjavik"]
[Date "2021.08.29"]
[Round "4.11"]
[White "Gajewski, Grzegorz"]
[Black "Thybo, Jesper Sondergaard"]
[Result "1-0"]
[WhiteElo "2617"]
[BlackElo "2587"]
[Annotator "TA"]
[PlyCount "105"]
[EventDate "2021.08.26"]
[EventType "swiss"]
[EventCountry "ISL"]
[Tiebreak "Cut1 Buchholz"]
[SourceTitle "playchess.com"]
[Source "ChessBase"]
[SourceQuality "1"]

{[%evp 21,105,16,20,10,21,5,12,0,0,0,25,14,14,10,16,0,0,0,8,8,34,16,17,12,20,
20,20,20,19,26,31,28,19,22,31,33,102,108,108,93,103,66,66,66,73,69,187,180,459,
457,407,374,301,350,856,1706,1924,1900,1763,1765,1586,1283,976,962,2087,1103,
29969,29970,29967,12156,29958,10898,6212,6141,29978,29979,29979,29980,29980,
29979,29979,29980,29980,29981,29984,29985]} 1. d4 Nf6 2. c4 e6 3. Nf3 d5 4. g3
Be7 5. Bg2 O-O 6. O-O dxc4 7. Qc2 a6 8. a4 Bd7 9. Qxc4 Bc6 10. Bg5 Bd5 {
10...Nbd7 is the fancy move.} 11. Qc2 Be4 12. Qd2 {E05: Open Catalan: 5 Nf3
Be7.} h6 13. Bxf6 Bxf6 14. Nc3 {The position is equal.} Bxf3 15. Bxf3 c6 16.
Rfd1 a5 {[#]} 17. h4 $146 ({Predecessor:} 17. e3 Na6 18. Qe2 Nb4 19. Ne4 Be7
20. Nd2 Qc7 21. Rac1 Rfd8 22. Nc4 Bf6 23. Be4 {1-0 (44) Polschikov,A (2420)
-Thorsbro,P (2233) Belgrade 2021}) 17... Na6 18. e4 e5 {[%cal Re5d4]} 19. d5
Qd6 20. Be2 Nb4 21. Bc4 Be7 22. Qe2 Rad8 23. dxc6 Qxc6 24. Nd5 Nxd5 25. Bxd5
Qb6 26. Rd3 Bc5 27. Rb3 Bb4 28. Qh5 Rd6 (28... Qc7 $14) 29. Qxe5 $16 Rf6 {[#]}
30. Rf1 Rc8 31. g4 Rc1 {( -> ...Qxf2+)} 32. Qg3 (32. Rxc1 $2 {too greedy.}
Qxf2+ 33. Kh1 Bd6 $19) 32... Rxf1+ 33. Kxf1 {Black must now prevent g5. White
stays focused until the end.} Qd4 {[#]} (33... g5 $1 $14) 34. g5 $1 $36 {
[%cal Rg5f6][%mdl 2048] Keeping Black busy.} Qd1+ $2 (34... Bd6 35. Qe3 Qxe3
36. Rxe3 Rf4) 35. Kg2 Bd6 36. gxf6 {[%csl Gf6][%cal Rg3g7]} Bxg3 37. Rxg3 {
[%mdl 4096] Endgame KQ-KRB} g5 (37... g6 38. Rxg6+ {[%mdl 64] Double Attack} (
38. Bxb7 Qd4 $11) 38... Kh7 39. Rg7+ (39. Bxf7 Qd4 $14) 39... Kh8) 38. hxg5
hxg5 39. Rxg5+ Kf8 40. Rg7 Qd4 41. Rxf7+ Ke8 42. b3 b6 43. Kg3 Qd3+ 44. f3 Qc3
45. Kg4 Qc8+ 46. Kg5 Qh3 47. Re7+ Kf8 48. f4 {White mates.} Qg3+ 49. Kf5 Qh3+
50. Ke5 Qc3+ 51. Ke6 Qc8+ 52. Kd6 Qc3 53. Kd7 {[%csl Gd7][%cal Re7e8] Weighted
Error Value: White=0.06/Black=0.64} 1-0

[Event "EICC 2021"]
[Site "Reykjavik"]
[Date "2021.08.29"]
[Round "4.12"]
[White "Erdos, Viktor"]
[Black "Pantsulaia, Levan"]
[Result "1-0"]
[WhiteElo "2614"]
[BlackElo "2564"]
[Annotator "TA"]
[PlyCount "60"]
[EventDate "2021.08.26"]
[EventType "swiss"]
[EventCountry "ISL"]
[Tiebreak "Cut1 Buchholz"]
[SourceTitle "playchess.com"]
[Source "ChessBase"]
[SourceQuality "1"]

{[%evp 10,60,19,17,23,0,3,0,45,34,43,37,51,39,47,41,44,48,48,22,75,75,132,129,
121,83,89,91,118,103,101,102,136,72,99,77,155,145,267,260,477,476,735,395,575,
550,538,522,1195,739,975,938,29992]} 1. e4 c6 2. Nf3 d5 3. Nc3 dxe4 4. Nxe4 Nf6
5. Qe2 Nxe4 6. Qxe4 Qd5 {B11: Caro-Kann: Two Knights Variation.} 7. Qh4 Qe6+ 8.
Be2 Qg4 {The position is equal.} (8... Qg6 {seems wilder.} 9. O-O Qxc2 10. Re1
Qf5 11. Bc4 Nd7) 9. Qg3 Qxg3 10. hxg3 Bf5 11. b3 Nd7 12. Bb2 h6 13. O-O-O {[#]}
Rg8 $146 ({Predecessor:} 13... e6 14. Nh4 Be4 15. Rde1 Bh7 16. Bh5 Nc5 17. Nf3
Rc8 18. Ne5 Rc7 19. Rh4 Bf5 20. Rc4 b5 21. Rf4 Bd6 22. Rxf5 O-O 23. Rf3 {
1-0 (23) Mamedov,R (2654)-Santos Latasa,J (2608) Europe Echecs INT 2021}) 14.
Rde1 a5 (14... e6 $11) 15. Nd4 $16 Bg6 (15... Be4 $142) 16. f4 a4 17. Bf3 axb3
18. axb3 O-O-O {[#]} 19. f5 $1 {[%cal Rf5g6]} Bh7 20. g4 $36 {[%mdl 2048]
White is in control.} Nf6 21. g5 (21. Be2 $142) 21... hxg5 22. g4 Rh8 ({
Better is} 22... g6) 23. Re5 {[%cal Be1e5,Be5a5,Ba5a8][%mdl 1056] White has
strong compensation.} Ng8 (23... Re8 $16 {was necessary.} 24. Kb1 e6) 24. Ra5
$18 Nh6 $2 {[#]} (24... Kc7 {was called for.} 25. Bc3 Nf6) 25. Bc3 Bg8 (25...
Kc7 $142 26. Kb2 Rb8) 26. Kb2 e5 (26... f6 $142 27. Rha1 Kd7) 27. fxe6 {
White is clearly winning.} fxe6 28. Rha1 Be7 {Black hopes to continue with ...
Bf6.} 29. Ra8+ Kd7 30. R8a7 Kd6 {Weighted Error Value: White=0.21/Black=0.44}
1-0

[Event "EICC 2021"]
[Site "Reykjavik"]
[Date "2021.08.29"]
[Round "4.13"]
[White "Nagy, Gabor"]
[Black "Gretarsson, Hjorvar Steinn"]
[Result "1-0"]
[WhiteElo "2518"]
[BlackElo "2603"]
[Annotator "TA"]
[PlyCount "113"]
[EventDate "2021.08.26"]
[EventType "swiss"]
[EventCountry "ISL"]
[Tiebreak "Cut1 Buchholz"]
[SourceTitle "playchess.com"]
[Source "ChessBase"]
[SourceQuality "1"]

{[%evp 13,113,4,13,20,5,4,12,6,18,14,21,0,5,-14,-18,-14,-16,-31,0,0,0,-5,0,0,0,
0,11,-17,-18,-33,-33,-81,-62,-46,-43,-121,-119,-169,-147,-169,-18,-18,0,0,0,0,
0,0,135,138,214,213,184,-255,-176,-29991,0,0,378,378,385,385,385,384,384,376,
379,379,379,376,358,366,352,361,424,420,418,406,430,416,437,430,401,401,457,
450,458,457,456,456,452,454,452,450,459,454,823,810,952,864,886,822]} 1. d4 Nf6
2. c4 e6 3. Nf3 b6 4. g3 Ba6 5. b3 d5 6. cxd5 exd5 7. Bg2 Bd6 8. O-O {E15:
Queen's Indian: 4 g3 sidelines, 4 g3 Ba6 and 4 g3 Bb7 early deviations.} O-O 9.
Nc3 Re8 10. Re1 {The position is equal.} Nbd7 11. Bb2 Bb7 {[#]} 12. Nd2 $1 $146
{[%mdl 8] A relevant novelty.} ({Predecessor:} 12. Rc1 a6 13. Rc2 Rc8 14. e3
Qe7 15. Ne2 Ne4 16. Nf4 Ndf6 17. Nd3 a5 18. Nfe5 {0-1 (66) Tomashevsky,E (2714)
-Ponkratov,P (2601) Sochi 2018}) 12... Ne4 13. Ndxe4 dxe4 14. Qc2 {[%cal Rc3e4]
} Nf6 15. Nb5 Qd7 16. Nxd6 cxd6 17. e3 Bd5 18. Rec1 h5 19. Ba3 Rad8 20. Qe2 Be6
21. Rc2 h4 22. Rac1 Bg4 23. Qe1 Nh7 24. gxh4 {[#]} ({White should try} 24. Rc6
$15) 24... Bf3 $1 $17 25. Qf1 Qg4 26. Kh1 Re6 $2 (26... Qxh4 $19 27. Bxf3 exf3)
27. Bxf3 $11 exf3 28. d5 Re4 29. Qg1 Qxh4 {And now ...Rg4 would win.} 30. Rc8 {
Strongly threatening Qg3.} Nf8 (30... Ree8 $11 {remains equal.} 31. Bb2 f6) 31.
Qg3 $16 {[%mdl 64] Double Attack} Rxc8 (31... Qxg3 $16 32. fxg3 (32. hxg3 Ree8
$16) 32... Ree8 33. Rxd8 Rxd8) 32. Rxc8 $40 {[%mdl 128] White is out for blood.
} Qh5 {[#] White must now prevent ...Rg4.} 33. Qxd6 $4 {[%mdl 8192] [#]} (33.
h3 $1 $18 {is the narrow road to win.} Rh4 34. Kh2 (34. Qxd6 $2 {leads to mate.
} Rxh3+ 35. Qh2 Rxh2+ 36. Kg1 Rh1#)) 33... Kh7 $1 $19 34. Rxf8 $2 (34. Qxf8 $19
Qg4 35. Qg8+ Kg6 36. Rc6+ f6 37. Rxf6+ Kxf6 38. Bb2+ Ke7 39. Qxg7+ Qxg7 40.
Bxg7) 34... Rxe3 $2 35. fxe3 {Hoping for Qd7.} f2 $2 {[%mdl 8192]} (35... Qf5
$1 $11 {and Black stays safe.} 36. Rh8+ Kxh8) 36. Kg2 $18 Qe2 {[#]} 37. Rh8+ $1
{[%mdl 64] Decoy} Kxh8 38. Qd8+ Kh7 39. Qh4+ {[%mdl 64] Double Attack} Kg8 40.
Qxf2 Qg4+ 41. Kf1 Qd1+ 42. Qe1 Qf3+ 43. Kg1 Qg4+ 44. Kf2 Qf5+ 45. Ke2 Qxd5 46.
Qd2 Qh5+ 47. Kd3 Qf5+ 48. Kc3 Qe5+ 49. Kc2 {White is clearly winning.} Qf5+ 50.
Kc1 Qf1+ 51. Kb2 Qf6+ 52. Kb1 Qf5+ 53. Qc2 Qf3 54. Bc1 a5 (54... b5 $142 55. a3
Qd5) 55. a4 Qf1 56. e4 Qg1 57. Ka2 {White used his chance.  Weighted Error
Value: White=0.27/Black=0.44} 1-0

[Event "EICC 2021"]
[Site "Reykjavik"]
[Date "2021.08.29"]
[Round "4.14"]
[White "Stefansson, Hannes"]
[Black "Jones, Gawain C B"]
[Result "1-0"]
[WhiteElo "2519"]
[BlackElo "2684"]
[Annotator "TA"]
[PlyCount "57"]
[EventDate "2021.08.26"]
[EventType "swiss"]
[EventCountry "ISL"]
[Tiebreak "Cut1 Buchholz"]
[SourceTitle "playchess.com"]
[Source "ChessBase"]
[SourceQuality "1"]

{[%evp 16,57,47,21,3,0,4,6,27,20,17,17,73,70,69,79,97,92,88,63,227,260,229,231,
424,416,417,416,385,385,653,646,656,641,967,635,617,629,613,621,689,642,29979,
29980]} 1. e4 e5 2. Nf3 Nc6 3. Bb5 a6 4. Ba4 Nf6 5. O-O b5 6. Bb3 Bc5 7. c3 d6
8. d4 Bb6 9. Be3 Bg4 {C78: Ruy Lopez: Archangelsk and Möller Defences.} 10.
dxe5 Nxe5 11. Bxb6 {[#] Strongly threatening Be3.} cxb6 {The position is equal.
} 12. Nbd2 O-O 13. h3 {[#]} Nxf3+ $146 (13... Bh5 $11) ({Predecessor:} 13...
Bh5 14. g4 Bg6 15. Re1 h5 16. Nxe5 dxe5 17. f3 Qd3 18. Nf1 Rad8 19. Qxd3 Rxd3 {
1-0 (44) Guliyev,N (2538)-Fischer,D (2276) Europe Echecs INT 2021}) 14. Nxf3
$16 Bh5 15. Re1 Re8 16. g4 Bg6 17. e5 $36 {[%mdl 2048] White is pushing.} Nd7 (
17... dxe5 $14 18. Nxe5 Qc7) 18. exd6 $18 Rxe1+ 19. Qxe1 ({Much less strong is
} 19. Nxe1 $6 Qf6 $16) 19... Nc5 $2 (19... Qf8 20. Rd1 Re8) 20. Rd1 Qf6 21. Ne5
Nxb3 22. axb3 Bc2 $2 (22... Qe6 23. Nc6 Qd7) 23. Rd2 Bxb3 24. Qe4 Rf8 25. d7 {
[#] aiming for Nc6.} Be6 26. Nc6 Bxd7 27. Rxd7 Qh6 28. Kg2 Qc1 29. Qe7 {
Black got outplayed after the opening.  Weighted Error Value: White=0.22/
Black=0.87} 1-0

[Event "EICC 2021"]
[Site "Reykjavik"]
[Date "2021.08.29"]
[Round "4.15"]
[White "Sargissian, Gabriel"]
[Black "Steingrimsson, Hedinn"]
[Result "1-0"]
[WhiteElo "2682"]
[BlackElo "2519"]
[Annotator "TA"]
[PlyCount "127"]
[EventDate "2021.08.26"]
[EventType "swiss"]
[EventCountry "ISL"]
[Tiebreak "Cut1 Buchholz"]
[SourceTitle "playchess.com"]
[Source "ChessBase"]
[SourceQuality "1"]

{[%evp 13,127,21,37,29,31,32,31,30,37,22,29,29,24,22,41,25,22,4,0,0,2,0,15,0,0,
0,0,0,0,0,0,0,0,-4,9,10,12,7,9,0,0,0,12,10,8,8,8,8,10,11,16,14,17,21,15,21,91,
85,62,33,61,41,61,35,40,40,43,8,8,8,8,8,42,8,8,8,8,8,8,8,8,8,42,36,139,139,139,
139,139,139,156,8,29960,29961,29963,29966,29977,29978,29978,29979,29978,29979,
29979,29980,29981,29982,29981,29974,29987,29988,29990,29991,29991,29992,29992,
29993]} 1. d4 d5 2. c4 c6 3. Nf3 Nf6 4. Nc3 e6 5. Bg5 Nbd7 6. e3 Qa5 7. cxd5
Nxd5 8. Rc1 {D52: Queen's Gambit Declined: Cambridge Springs Variation.} Nxc3
9. bxc3 Ba3 10. Rc2 {White is slightly better.} b6 11. Bd3 Ba6 12. O-O Bxd3 13.
Qxd3 O-O 14. e4 $5 {[%mdl 4] Leaves trodden paths.} Rfe8 15. Bf4 {[#]} Rad8
$146 ({Predecessor:} 15... Rac8 16. c4 Be7 17. e5 Rcd8 18. Rd1 b5 19. Bg5 bxc4
20. Rxc4 Qxa2 21. Bxe7 Rxe7 22. Rxc6 {1/2-1/2 (31) Sanchez Alvarez,R (2391)
-Munoz Santana,J (2434) Batumi 2018}) 16. Qe2 c5 17. Rd1 b5 18. c4 bxc4 19.
Qxc4 Nb6 20. Qe2 Qa4 21. dxc5 {Black must now prevent Rxd8.} Rxd1+ 22. Qxd1
Bxc5 23. Qd3 Qb4 24. g3 Rc8 25. Kg2 h6 26. Ne5 Qa4 27. h4 Bd4 28. Rxc8+ Nxc8
29. Qc4 Nb6 30. Qxa4 Nxa4 $11 {[%mdl 4096] Endgame KBN-KBN} 31. Nc6 Bc5 32. Bd2
f5 33. exf5 exf5 34. Be3 Ba3 (34... Bxe3 $11 {remains equal.} 35. fxe3 Nc3) 35.
Bd4 a6 36. Kf3 g5 37. hxg5 hxg5 38. g4 fxg4+ 39. Kxg4 Kf7 40. Kf5 Bc5 41. Bxc5
Nxc5 {KN-KN} 42. f3 Nd3 43. Kxg5 {With the idea f4.} Ke6 44. f4 Kd5 45. Nb8 Nc5
46. f5 {Threatens to win with Kg6.} a5 47. Kg6 (47. Kf4 {is interesting.} Nd3+
48. Ke3 Nb4 49. a4 Ke5 50. Nd7+) 47... Ne4 (47... Kd6 {keeps more tension.} 48.
f6 Ne6 49. Na6 Nf4+ 50. Kf5 Ne6) 48. Nd7 {Strongly threatening Nf6+.} Kc4 ({
Black should play} 48... Kd4 $1 $14) 49. Ne5+ $1 $16 ({Of course not} 49. f6 $6
Nxf6 50. Nxf6 (50. Kxf6 Kb4 $11) 50... Kb4 $11) 49... Kc3 50. Nf3 $1 {[%cal
Rf3g5] Ng5 is the strong threat.} Kb2 51. Ng5 $1 {[%cal Rg5e4]} Nc5 52. a4 (52.
Kf7 $16 Nd7 53. a4 Ne5+ 54. Ke6) 52... Ka3 $2 {[%mdl 8192] [#] A mistake that
costs the game.} (52... Nxa4 $11 53. f6 Nc5) 53. Kf7 $1 {[%cal Rf7e7] White
mates.} Kxa4 {[#]} 54. Ke8 $1 Nd3 55. f6 Ne5 {[#]} 56. Nf3 $1 {[%mdl 576]
Deflection, Promotion} Nxf3 {KN-KP} 57. f7 Nd4 58. f8=Q Nb3 59. Kd7 Kb5 60. Qa3
a4 61. Kd6 Ka5 62. Ke5 Kb5 63. Kd5 Ka5 64. Qe7 {Weighted Error Value: White=0.
08/Black=0.21} 1-0

[Event "EICC 2021"]
[Site "Reykjavik"]
[Date "2021.08.29"]
[Round "4.16"]
[White "Grandelius, Nils"]
[Black "Ftacnik, Lubomir"]
[Result "1-0"]
[WhiteElo "2666"]
[BlackElo "2513"]
[Annotator "TA"]
[PlyCount "57"]
[EventDate "2021.08.26"]
[EventType "swiss"]
[EventCountry "ISL"]
[Tiebreak "Cut1 Buchholz"]
[SourceTitle "playchess.com"]
[Source "ChessBase"]
[SourceQuality "1"]

{[%evp 14,57,45,49,67,58,86,88,74,86,90,85,91,82,95,90,87,85,139,138,125,66,
148,155,143,88,112,70,132,114,141,165,595,627,610,597,842,833,829,813,785,625,
1050,1050,1029,1031]} 1. e4 c5 2. Nf3 d6 3. d4 cxd4 4. Nxd4 Nf6 5. Nc3 e6 6. g4
h6 7. Rg1 Nc6 8. Be3 Bd7 {8...Be7 is setting a new trend. B81: Sicilian
Scheveningen: Keres Attack.} 9. Be2 d5 10. exd5 {[#]} Nxd5 $146 {White is
better.} ({Predecessor:} 10... exd5 11. a3 Bd6 12. h4 O-O 13. g5 hxg5 14. hxg5
Ne4 15. Ndb5 Nxc3 16. Nxc3 d4 17. Bxd4 {1/2-1/2 (27) Colberg,J-Boyd,J LSS
email 2006}) 11. Nxd5 exd5 12. Qd2 Bd6 13. O-O-O Bxh2 14. Rh1 Be5 15. Nf3 Qc7 (
15... Bc7 $142) 16. Nxe5 $16 Nxe5 17. Kb1 ({White should try} 17. Rh5 $16)
17... Nxg4 {[#]} (17... O-O-O $14) 18. Bf4 $1 $36 {[%cal Rf4c7][%mdl 2048]
Black is under strong pressure.} (18. Qxd5 Bc6 $15) 18... Qc6 19. Qd4 ({
Inferior is} 19. Qxd5 Qxd5 20. Rxd5 Bc6 $17) (19. Rde1 $142 Kf8 20. Rhg1) 19...
Nf6 20. Rdg1 Kf8 ({Black should play} 20... Bf5 $14) 21. Qb4+ Kg8 22. Bxh6 $1 {
[%csl Gh6][%cal Rg1g7]} Ne8 {[#]} (22... g6 {is tougher.}) 23. Bxg7 $1 $18 {
[%mdl 512] White is clearly winning.} Nxg7 24. Qd4 {[%csl Gg1][%cal Rd4g7]} Bg4
{And now ...Rxh1 would win.} 25. Rxh8+ ({Weaker is} 25. Bxg4 Rxh1 26. Rxh1 Qc4
$18) 25... Kxh8 26. Rxg4 {[%csl Gg4][%cal Rd4g7]} f6 27. Qf4 {Intending Qh6+
and mate.} Kg8 28. Qh6 {[%csl Gg4][%cal Rh6g7]} Qd7 29. Bf3 {Weighted Error
Value: White=0.16/Black=0.67} 1-0

[Event "EICC 2021"]
[Site "Reykjavik"]
[Date "2021.08.29"]
[Round "4.17"]
[White "Kozak, Adam"]
[Black "Lupulescu, Constantin"]
[Result "1/2-1/2"]
[WhiteElo "2504"]
[BlackElo "2659"]
[Annotator "TA"]
[PlyCount "72"]
[EventDate "2021.08.26"]
[EventType "swiss"]
[EventCountry "ISL"]
[Tiebreak "Cut1 Buchholz"]
[SourceTitle "playchess.com"]
[Source "ChessBase"]
[SourceQuality "1"]

{[%evp 15,72,9,18,0,5,0,0,0,0,0,0,0,0,0,0,0,0,-36,-29,-46,-42,-42,-33,-75,-26,
-34,-34,-23,-34,-34,-23,-20,-12,-39,-23,-23,-1,-17,0,0,0,-15,0,0,0,0,0,0,0,0,0,
0,0,0,0,0,0,0,0]} 1. e4 c5 2. Nf3 d6 3. Bb5+ Bd7 4. Bxd7+ Nxd7 5. O-O Ngf6 6.
Qe2 e6 7. c3 Be7 8. d4 O-O $1 {8...0-0 scores better than 8...cxd4.} 9. Bg5 {
B52: Sicilian: Moscow Variation with 3...Bd7.} h6 10. Bh4 cxd4 11. cxd4 d5 12.
e5 Ne4 13. Bxe7 Qxe7 14. Nbd2 Nxd2 15. Qxd2 {[#]} Rac8 $146 {[%cal Ba8c8,Bc8c2,
Bc2b2][%mdl 32]} ({Predecessor:} 15... Nb6 16. Rfc1 Nc4 17. Qe2 Rfc8 18. Rc2
Rc7 19. Rac1 Rac8 20. h3 b5 21. Ne1 a5 22. Nd3 b4 23. g3 Qd7 24. h4 {1/2-1/2 
(24) Rasik,V (2415)-Votava,J (2425) Stockerau 1993}) 16. Qa5 Rc2 17. Qxa7 Rxb2
18. a3 Nb8 19. Rfc1 Re8 20. Rcb1 {[#]} Nc6 $1 21. Qa4 Rxb1+ 22. Rxb1 Qc7 23. h4
Qa5 24. Qb3 Qa7 25. Qe3 ({Don't blunder} 25. Qxb7 $2 {[#]} Rb8 $1 $19) 25...
Ra8 26. h5 {The position is equal.} Qb8 27. g4 Ra4 28. Qb3 (28. Kg2 {with more
complications.} Ra7 29. g5 hxg5 30. Qxg5 Qf8 31. a4) 28... Qa7 (28... Ra7 {
seems wilder.} 29. a4 Qf8 30. Kg2 Na5 31. Qb6 Qa8) 29. Qxb7 Qxb7 30. Rxb7 Nxd4
31. Nxd4 Rxd4 $11 {KR-KR} 32. f3 Rd3 33. Kf2 Rxa3 34. Rb8+ Kh7 35. Rb7 Kg8 36.
Rb8+ Kh7 {Weighted Error Value: White=0.08/Black=0.07} 1/2-1/2